00402nmm a22001457a 450000500170000000800410001704100080005808200110006610000300007724500870010726000090019465000150020365000200021865000180023820160608100036.0150728b xxu||||| |||| 00| 0 spa d aspa aMD 108 aMuñoz Mena, Diego Isaac aInforme de Práctica Supervisada realizado en Align Technology de Costa Rica S.A. c2013 aCOSTA RICA aMECANICA DENTAL aSISTEMA MERGE